| 000 | 00891nam a22002537a 4500 | ||
|---|---|---|---|
| 005 | 20100826122442.0 | ||
| 008 | 090109t xxu||||| |||| 00| 0urd d | ||
| 010 | _aUR-8014 | ||
| 020 | _c200.00 | ||
| 035 | _aU-6569 | ||
| 037 | _bDBAD/PUB | ||
| 040 |
_aDPL _burdu |
||
| 082 | _a841 | ||
| 100 |
_912785 _aشہا ب ا لد ین ثا قب |
||
| 245 |
_aشہر میر ے خو ا ب کا / _cشہا ب ا لد ین ثا قب |
||
| 246 |
_aShahr Mere Khuab Ka _bby Shahabuddin Saqib |
||
| 260 |
_aعلی گڑ ھ _c2009 ء _bمسلم ا یجو کیشنل پر یس |
||
| 270 |
_aMuslim Educational Press _bAli Gardh _e202002 |
||
| 300 |
_a172 ص _c22 س م (Pb) |
||
| 650 | _912786 | ||
| 700 | _954088 | ||
| 942 |
_2ddc _cUR _h841 _mش ہ ا |
||
| 999 |
_c72012 _d72012 |
||